| 000 | 00903nam a2200265 a 4500 | ||
|---|---|---|---|
| 008 | |||
| 020 | _a9781107111226 (hbk.) | ||
| 049 | _aMAIN | ||
| 090 |
_aHD5856.S6 _bBOL |
||
| 100 | 1 | _aBolt, Maxim. | |
| 245 | 1 | 0 |
_aZimbabwe's migrants and South Africa's border farms : _bthe roots of impermanence / _cMaxim Bolt. |
| 260 |
_aLondon : _bCambridge University Press, _c2015. |
||
| 300 |
_axviii, 246 p. : _bill. ; _c24 cm. |
||
| 490 | _aInternational African Library. | ||
| 500 | _aIncludes index. | ||
| 504 | _aIncludes bibliographical references. | ||
| 650 | _aMigrant labour. | ||
| 650 |
_aMigrant agricultural labourers _xSouth Africa _xSocial conditions. |
||
| 650 | _aForeign workers, Zimbabwean-South Africa. | ||
| 907 |
_a.b10369703 _b17-02-16 _c17-02-16 |
||
| 003 | |||
| 005 | 20230123122207.0 | ||
| 040 | _cNUST | ||
| 942 |
_cBOOKS _kHD5856.S6 _mBOL |
||
| 999 |
_c129442 _d129442 |
||